000 00424nam a2200133Ia 4500
005 20260328101515.0
008 260328s9999||||xx |||||||||||||| ||und||
100 _aSociedad Colombiana de Arquitectos
245 0 _aTestimonio :
_b XIV Bienal de Arquitectura Colombiana /
_cSociedad Colombiana de Arquitectos
260 _bSociedad Colombiana de Arquitectos
300 _a124 p.
650 _aARQUITECTURA REGIONAL
942 _cBK
999 _c9340
_d9340